| 000 | 00765cam a22002653a 4500 | ||
|---|---|---|---|
| 001 | 19069 | ||
| 003 | PGUSA | ||
| 005 | 20140828083414.0 | ||
| 008 | 060817s2006||||xxu|||||s|||||000 1 eng d | ||
| 040 |
_aPGUSA _beng |
||
| 042 | _adc | ||
| 050 | 4 | _aPR | |
| 100 | 1 |
_aHume, Fergus, _d1859-1932 |
|
| 245 | 1 | 4 |
_aThe Silent House _h[electronic resource] / _cFergus Hume |
| 260 |
_bProject Gutenberg, _c2006 |
||
| 506 | _aPublic domain in the USA. | ||
| 516 | _aElectronic text | ||
| 653 | _aMurder -- Fiction | ||
| 653 | _aMurder -- Investigation -- Fiction | ||
| 653 | _aDetective and mystery stories | ||
| 653 | _aPimlico (London, England) -- Fiction | ||
| 830 | 0 |
_aProject Gutenberg _v19069 |
|
| 856 | 4 | 0 | _uhttp://www.gutenberg.org/ebooks/19069 |
| 942 | _cEB | ||
| 999 |
_c248324 _d248324 |
||